000 00319nam a2200133Ia 4500
008 240624s9999 xx 000 0 und d
041 _aeng
082 _a828 RAJ
100 _aRAJAN KRISHNA V
245 _aAMBASSADOR S CLUB
260 _c2012
_aNew Delhi
_bHarperCollins India
300 _a344 : p.
365 _cRS
_b25
999 _c19264
_d19264